00561nam a2200169Ia 4500008004100000040001900041041001200060082003600072245004000108260010100148300002700249630003700276650003000313651001800343700002000361850001000381131103s9999 xx 000 0 und d aLoreto College aEnglish a396/JAI/305.42/INDbLCLIB/23406 aIndian Womencedited by Devaki Jain a[New Delhi]bPublications Division,Ministry of Information and Broadcasting,Govt. of Indiac1975 axxvii,312 p. c 21 cm. aIndian Women - Social Conditions aWomen - Social Conditions aWomen Studies aJain,Devaki,ed. aLCLIB